|
|
|
|
| LEADER |
01111nam a2200289 a 4500 |
| 001 |
18981 |
| 003 |
BD-DhAAL |
| 008 |
090816s1999 enk b 001 0 eng d |
| 010 |
|
|
|a 99017601
|
| 020 |
|
|
|a 0335199550
|
| 020 |
|
|
|a 0335199542 (pbk.)
|
| 040 |
|
|
|a DLC
|c DLC
|d DLC
|d BD-DhAAL
|
| 082 |
0 |
0 |
|a 302.2345
|
| 100 |
1 |
|
|a Barker, Chris,
|d 1955-
|9 54829
|
| 245 |
1 |
0 |
|a Television, globalization and cultural identities /
|c Chris Barker.
|
| 260 |
|
|
|a Buckingham ;
|a Philadelphia, Penn :
|b Open University Press,
|c 1999.
|
| 300 |
|
|
|a xi, 195 pages ;
|c 23 cm.
|
| 490 |
0 |
|
|a Issues in cultural and media studies
|
| 504 |
|
|
|a Includes bibliographical references (pages [176]-186) and index.
|
| 541 |
1 |
|
|e 18981
|
| 650 |
|
0 |
|a Television
|x Social aspects.
|9 54830
|
| 650 |
|
0 |
|a Group identity.
|
| 830 |
|
|
|a Issues in cultural and media studies
|9 54831
|
| 852 |
4 |
|
|a Ayesha Abed Library
|c General Stacks
|
| 942 |
|
|
|2 ddc
|c BK
|
| 999 |
|
|
|c 3118
|d 3118
|
| 952 |
|
|
|0 0
|1 0
|2 ddc
|4 0
|6 302_230000000000000_45_BAR
|7 0
|9 2826
|a BIGD
|b BIGD
|c GEN
|d 2009-08-30
|l 0
|o 302.2345 BAR
|p 3050018981
|r 2009-08-30
|t 1
|w 2009-08-30
|y BK
|x Transferred from BDI to BIGD.
|